Krishna: (Record no. 211480)

MARC details
000 -LEADER
fixed length control field 00575 a2200181 4500
005 - DATE AND TIME OF LATEST TRANSACTION
control field 20250602110328.0
010 ## - LCCN (DPL NO)
LC control number ENG-145092
020 ## - INTERNATIONAL STANDARD BOOK NUMBER
International Standard Book Number 9788188965922
Terms of availability 250.00
035 ## - SYSTEM CONTROL NUMBER
System control number EN-128624
037 ## - SOURCE OF ACQUISITION
Source of stock number/acquisition DBAD
082 ## - DEWEY DECIMAL CLASSIFICATION NUMBER
Classification number 362.1968310092
100 ## - MAIN ENTRY--PERSONAL NAME
Personal name Samaddhar, Ranabir
245 ## - TITLE STATEMENT
Title Krishna:
Remainder of title living with Alzheimer's/
Statement of responsibility, etc Ranabir Samaddhar
260 ## - PUBLICATION, DISTRIBUTION, ETC. (IMPRINT)
Place of publication, distribution, etc New Delhi
Name of publisher, distributor, etc Women Unlimited
Date of publication, distribution, etc 2015
270 ## - ADDRESS
Address K-36, Hauz Khas Enclave, Ground Floor,
City New Delhi
Postal code 110 016
300 ## - PHYSICAL DESCRIPTION
Extent vi, 147p.
Dimensions 23cm(pbk )
942 ## - ADDED ENTRY ELEMENTS (KOHA)
Institution code [OBSOLETE] dpl
Item type English Books
Source of classification or shelving scheme Dewey Decimal Classification
Classification part 362.1968310092
Call number suffix SAM
Holdings
Withdrawn status Lost status Not for loan Collection code Home library Current library Date acquired Source of acquisition Cost, normal purchase price Full call number Barcode Copy number Cost, replacement price Koha item type
      Non-fiction New Police Line New Police Line 02/06/2025 Delivery of Books Act Division 250.00 362.1968310092 SAM EN-128624 1 250.00 English Books

© Delhi Public Library
Hit Counter
free hit counter